| 000 | 00624nam a2200193 u 4500 | ||
|---|---|---|---|
| 005 | 20240905063709.0 | ||
| 008 | 091014s2008 r 000 0 eng d | ||
| 020 | _a9789870007746 | ||
| 035 | _aUPN01000173151 | ||
| 049 | _aCG | ||
| 050 | 4 |
_aRJ504 _bT6.4 |
|
| 100 | 1 | _aTorres, María Viviana | |
| 245 | 1 | 0 |
_aIntervenciones tempranas : _bel futuro de los bebés en el terreno de las decisiones y las acciones clínicas / _cMaría Viviana Torres. |
| 260 |
_aBuenos Aires : _bLumen, _c2008. |
||
| 300 | _a286 p. | ||
| 440 | 0 | _aPrevención e intervención en niños | |
| 650 | 4 |
_aPsicoterapia infantil _915 |
|
| 905 | _aLibro | ||
| 999 |
_c145255 _d145255 |
||